<?xml version="1.0" encoding="UTF-8"?>
<record
    xmlns:xsi="http://www.w3.org/2001/XMLSchema-instance"
    xsi:schemaLocation="http://www.loc.gov/MARC21/slim http://www.loc.gov/standards/marcxml/schema/MARC21slim.xsd"
    xmlns="http://www.loc.gov/MARC21/slim">

  <leader>00521    a2200169   4500</leader>
  <controlfield tag="005">20240118100414.0</controlfield>
  <controlfield tag="008">240118b        sa ||||| |||| 00| 0 eng d</controlfield>
  <datafield tag="020" ind1=" " ind2=" ">
    <subfield code="a">9781770097032</subfield>
    <subfield code="q">pbk</subfield>
  </datafield>
  <datafield tag="040" ind1=" " ind2=" ">
    <subfield code="a">RDA</subfield>
    <subfield code="c">3228</subfield>
  </datafield>
  <datafield tag="082" ind1=" " ind2=" ">
    <subfield code="a">EJF TUTU</subfield>
  </datafield>
  <datafield tag="100" ind1=" " ind2=" ">
    <subfield code="a">Tutu, Archbishop Desmond</subfield>
    <subfield code="9">177040</subfield>
  </datafield>
  <datafield tag="245" ind1=" " ind2=" ">
    <subfield code="a">God's Dream</subfield>
    <subfield code="c">Desmond Tutu, Douglas Carlton Abrams</subfield>
  </datafield>
  <datafield tag="260" ind1=" " ind2=" ">
    <subfield code="a"> Mellville:</subfield>
    <subfield code="b">Jacana,</subfield>
    <subfield code="c"> 2009</subfield>
  </datafield>
  <datafield tag="300" ind1=" " ind2=" ">
    <subfield code="a"> 38 unnumbered pages : </subfield>
    <subfield code="b">color illustrations ;</subfield>
    <subfield code="c">29 cm</subfield>
  </datafield>
  <datafield tag="650" ind1=" " ind2=" ">
    <subfield code="a">Multiculturalism</subfield>
    <subfield code="9">185467</subfield>
  </datafield>
  <datafield tag="942" ind1=" " ind2=" ">
    <subfield code="2">ddc</subfield>
    <subfield code="c">BOOK</subfield>
    <subfield code="y">375</subfield>
    <subfield code="z">Rosinah Mosako</subfield>
  </datafield>
  <datafield tag="999" ind1=" " ind2=" ">
    <subfield code="c">746564</subfield>
    <subfield code="d">746563</subfield>
  </datafield>
  <datafield tag="952" ind1=" " ind2=" ">
    <subfield code="0">0</subfield>
    <subfield code="1">0</subfield>
    <subfield code="2">ddc</subfield>
    <subfield code="4">0</subfield>
    <subfield code="7">0</subfield>
    <subfield code="8">F</subfield>
    <subfield code="a">THISL</subfield>
    <subfield code="b">THISL</subfield>
    <subfield code="c">CHILD</subfield>
    <subfield code="d">2023-03-22</subfield>
    <subfield code="o">EKF TUTU</subfield>
    <subfield code="p">3322810066479</subfield>
    <subfield code="y">BOOK</subfield>
  </datafield>
  <datafield tag="952" ind1=" " ind2=" ">
    <subfield code="0">0</subfield>
    <subfield code="1">0</subfield>
    <subfield code="2">ddc</subfield>
    <subfield code="4">0</subfield>
    <subfield code="7">0</subfield>
    <subfield code="8">F</subfield>
    <subfield code="a">MKHWL</subfield>
    <subfield code="b">MKHWL</subfield>
    <subfield code="c">CHILD</subfield>
    <subfield code="d">2025-02-07</subfield>
    <subfield code="l">0</subfield>
    <subfield code="o">EJF TUTU</subfield>
    <subfield code="p">33228031141897</subfield>
    <subfield code="r">2025-02-07</subfield>
    <subfield code="w">2025-02-07</subfield>
    <subfield code="y">BOOK</subfield>
  </datafield>
  <datafield tag="952" ind1=" " ind2=" ">
    <subfield code="0">0</subfield>
    <subfield code="1">0</subfield>
    <subfield code="2">ddc</subfield>
    <subfield code="4">0</subfield>
    <subfield code="7">0</subfield>
    <subfield code="8">F</subfield>
    <subfield code="a">MKHWL</subfield>
    <subfield code="b">MKHWL</subfield>
    <subfield code="c">CHILD</subfield>
    <subfield code="d">2025-02-07</subfield>
    <subfield code="l">0</subfield>
    <subfield code="o">EJF TUTU</subfield>
    <subfield code="p">33228031141252</subfield>
    <subfield code="r">2025-02-07</subfield>
    <subfield code="w">2025-02-07</subfield>
    <subfield code="y">BOOK</subfield>
  </datafield>
</record>
